|
|
|
|
| LEADER |
00000nam0a2200000 4500 |
| 001 |
301687 |
| 005 |
20231102001427.0 |
| 035 |
|
|
|a (RuTPU)RU\TPU\book\326863
|
| 090 |
|
|
|a 301687
|
| 100 |
|
|
|a 20150812d1974 km y0rusy50 ca
|
| 101 |
0 |
|
|a rus
|
| 102 |
|
|
|a RU
|
| 105 |
|
|
|a a z 001zy
|
| 200 |
1 |
|
|a Самозапуск электродвигателей
|f Ю. М. Голоднов, А. Х. Хоренян
|
| 210 |
|
|
|a Москва
|c Энергия
|d 1974
|
| 215 |
|
|
|a 144 с.
|c ил.
|
| 320 |
|
|
|a Библиогр.: с. 143-144.
|
| 606 |
1 |
|
|a Электродвигатели
|x Самозапуск
|2 stltpush
|3 (RuTPU)RU\TPU\subj\19816
|9 44984
|
| 610 |
1 |
|
|a самозапуск
|
| 610 |
1 |
|
|a выбег
|
| 610 |
1 |
|
|a ток включения
|
| 610 |
1 |
|
|a разгон
|
| 610 |
1 |
|
|a механизмы
|
| 610 |
1 |
|
|a электроснабжение
|
| 675 |
|
|
|a 621.313.13
|v 3
|
| 700 |
|
1 |
|a Голоднов
|b Ю. М.
|g Юрий Михайлович
|
| 701 |
|
1 |
|a Хоренян
|b А. Х.
|g Альфред Хачикович
|
| 801 |
|
1 |
|a RU
|b 63413507
|c 20150812
|
| 801 |
|
2 |
|a RU
|b 63413507
|c 20150828
|g RCR
|
| 942 |
|
|
|c BK
|